000 00584cam a22001937a 4500
008 180718b2002 xxu||||| |||| 00| 0 eng d
020 _a0324065841
082 _aK M623
100 _aMello, Jeffrey A.
245 _aStrategic human resource management
_cby Jeffrey A. Mello
260 _aCincinnati, Ohio
_bSouth-Western
_c2002
300 _a475p.
650 _aPersonnel management
650 _aLabor productivity
650 _aHuman capital
650 _aStrategic planning
650 _aOrganizational effectiveness - Case studies
650 _aOrganizational effectiveness
999 _c397904
_d397904